000
00300nam a22001337a 4500
008
170622b xxu||||| |||| 00| 0 eng d
020
_a
670637823
041
_a
eng
080
_a
94(4)
100
_a
16
101
_a
SHH
245
_a
THE SHADOW OF THE WINTER PALACE
_c
CRANKSHAW,E
942
_2
udc
_c
BK
999
_c
18578
_d
18578